EPIC: The Musical - Songs by Their Numerical Opposite - Statistics

General Stats
  • This quiz has been taken 96 times
    95 since last reset
  • The average score is 25 of 40
Answer Stats
Hint Answer % Correct
The Horse and the Infant Would You Fall in Love With Me Again
85%
Would You Fall in Love With Me Again The Horse and the Infant
84%
Just a Man I Can't Help But Wonder
82%
I Can't Help But Wonder Just a Man
82%
Full Speed Ahead Odysseus
80%
Odysseus Full Speed Ahead
76%
Open Arms Hold Them Down
76%
Hold Them Down Open Arms
75%
Six Hundred Strike Polyphemus
73%
Polyphemus Six Hundred Strike
73%
Survive Get in the Water
71%
Warrior of the Mind The Challenge
71%
My Goodbye Dangerous
69%
The Challenge Warrior of the Mind
69%
Remember Them Charybdis
67%
Luck Runs Out God Games
67%
Storm Not Sorry For Loving You
67%
Get in the Water Survive
67%
Dangerous My Goodbye
65%
Charybdis Remember Them
65%
Not Sorry For Loving You Storm
65%
Love in Paradise Keep Your Friends Close
62%
Keep Your Friends Close Love in Paradise
62%
God Games Luck Runs Out
62%
Ruthlessness We'll Be Fine
58%
Monster Suffering
56%
Wouldn't You Like Legendary
55%
Puppeteer Little Wolf
55%
We'll Be Fine Ruthlessness
55%
Little Wolf Puppeteer
53%
Thunder Bringer Done For
51%
Done For Thunder Bringer
51%
Legendary Wouldn't You Like
51%
Different Beast No Longer You
49%
The Underworld Scylla
49%
Mutiny There Are Other Ways
49%
Scylla The Underworld
49%
No Longer You Different Beast
47%
Suffering Monster
47%
There Are Other Ways Mutiny
45%
No matching quizzes found
Score Distribution
Percent of People with Each Score
Percentile by Number Answered
Your Score History
You have not taken this quiz since the last reset